00807nam a2200181 a 450000100100000000500170001000800410002702000150006804000250008310000320010824501950014026000330033530000660036870000340043470000350046895201050050399900170060800004238920201002040125.0131127s1995 sp a 001 0 spa d a2082115526 aDO-SdBNPbspacBNPHU1 aAzéma, Jean-Pierre96949110a1938-1948 Les Années de Tourmente de Munich à Prague :bDictionnaire critique /cJean-Pierre Azéma, François Bédarida ; avec la collaboration de Charles Robert Ageron ... [et al.]. aFrance :bFlammarion,c1995. a1137 p. :bil., retrs ;c27 cm.bil., mapas, retrs. ;c26 cm.1 aAgeron, Charles-Robert9694921 aaBédarida, François969493 001050718MOaGRbGRcCTd2013-11-27iLF1l0o p42389-10r2020-06-25w2020-06-25y1ZNo se presta c41878d41878